151 QUICK IDEAS TO INSPIRE YOUR STAFF (Record no. 5476)
[ view plain ]
| 000 -LEADER | |
|---|---|
| fixed length control field | 00332nam a22001337a 4500 |
| 020 ## - INTERNATIONAL STANDARD BOOK NUMBER | |
| ISBN | 81-8274-192-0 |
| 082 ## - DEWEY DECIMAL CLASSIFICATION NUMBER | |
| Classification number | 158 |
| Item number | WIL/O |
| 100 ## - MAIN ENTRY--AUTHOR NAME | |
| Personal name | WILSON,JERRY R. |
| 245 ## - TITLE STATEMENT | |
| Title | 151 QUICK IDEAS TO INSPIRE YOUR STAFF |
| 260 ## - PUBLICATION, DISTRIBUTION, ETC. (IMPRINT) | |
| Place of publication | NEW DELHI |
| Name of publisher | MANAGEMENT UPDATE |
| 300 ## - PHYSICAL DESCRIPTION | |
| Number of Pages | 208 |
| 650 ## - SUBJECT ADDED ENTRY--TOPICAL TERM | |
| Topical Term | PERSONALITY DEVELOPMENT |
| Geographic subdivision | NEW DELHI |
| 942 ## - ADDED ENTRY ELEMENTS (KOHA) | |
| Koha item type | Books |
| Withdrawn status | Lost status | Collection code | Home library | Current library | Shelving location | Date acquired | Source of acquisition | Full call number | Accession Number | Koha item type |
|---|---|---|---|---|---|---|---|---|---|---|
| Reference | Main Library | Main Library | SHELF-17H-PERSONALITY DEVELOPMENT BOOKS | 24/10/2006 | PURCHASE | 158 WIL/O | 04228 | Books |